Cutting rhythms : (Record no. 24795)
[ view plain ]
| 000 -LEADER | |
|---|---|
| fixed length control field | 01044nam a2200253 a 4500 |
| 005 - DATE AND TIME OF LATEST TRANSACTION | |
| control field | 20140310183541.0 |
| 008 - FIXED-LENGTH DATA ELEMENTS--GENERAL INFORMATION | |
| fixed length control field | 111011s19uu xx 00 eng d |
| 010 ## - LIBRARY OF CONGRESS CONTROL NUMBER | |
| LC control number | 2008044538 |
| 020 ## - INTERNATIONAL STANDARD BOOK NUMBER | |
| International Standard Book Number | 9780240810140 |
| 050 ## - LIBRARY OF CONGRESS CALL NUMBER | |
| Classification number | TR 899 |
| Item number | .P42 2009 |
| 100 ## - MAIN ENTRY--PERSONAL NAME | |
| Personal name | Pearlman, Karen |
| 245 ## - TITLE STATEMENT | |
| Title | Cutting rhythms : |
| Remainder of title | shaping the film edit / |
| Statement of responsibility, etc | Karen Pearlman. |
| 260 ## - PUBLICATION, DISTRIBUTION, ETC. (IMPRINT) | |
| Place of publication, distribution, etc | Amsterdam ; Boston : |
| Name of publisher, distributor, etc | Focal Press/Elsevier, |
| Date of publication, distribution, etc | c2009. |
| 300 ## - PHYSICAL DESCRIPTION | |
| Extent | xxix, 269 p. : |
| Other physical details | ill. ; |
| Dimensions | 24 cm. |
| 500 ## - GENERAL NOTE | |
| General note | Includes bibliographical references (p. 253-259) and index. |
| 520 ## - SUMMARY, ETC. | |
| Summary, etc | Contents: Rhythmic intuition -- Editing as choreography -- Timing, pacing, and trajectory phrasing -- Tension, release, and synchronisation -- Physical, emotional, and event rhythms -- Physical rhythm -- Emotional rhythm -- Event rhythm -- Style -- Devices -- Common scenes. |
| 521 ## - TARGET AUDIENCE NOTE | |
| Target audience note | |
| 650 ## - SUBJECT ADDED ENTRY--TOPICAL TERM | |
| Topical term or geographic name as entry element | Motion pictures |
| General subdivision | Editing |
| 650 ## - SUBJECT ADDED ENTRY--TOPICAL TERM | |
| Topical term or geographic name as entry element | Motion pictures |
| General subdivision | Philosophy |
| 650 ## - SUBJECT ADDED ENTRY--TOPICAL TERM | |
| Topical term or geographic name as entry element | Motion picture plays |
| General subdivision | Editing |
| 650 ## - SUBJECT ADDED ENTRY--TOPICAL TERM | |
| Topical term or geographic name as entry element | Rhythm |
| 942 ## - ADDED ENTRY ELEMENTS (KOHA) | |
| Koha item type | Books |
| Source of classification or shelving scheme | Library of Congress Classification |
| Call number prefix | Foreign |
| Withdrawn status | Lost status | Source of classification or shelving scheme | Damaged status | Home library | Current library | Shelving location | Date acquired | Source of acquisition | Cost, normal purchase price | Total Checkouts | Full call number | Barcode | Date last seen | Copy number | Price effective from | Koha item type |
|---|---|---|---|---|---|---|---|---|---|---|---|---|---|---|---|---|
| Library of Congress Classification | College Library | College Library | General Circulation Section | 10/11/2011 | Donation | 3396.00 | TR 899 .P42 2009 | C13283 | 05/15/2018 | 1 | 10/18/2013 | Books |